000 00603nam a2200193 i 4500
001 86779
003 ES-MaACL
005 20250816090436.0
007 t|
008 041215s1954 sp ||||1| spa d
080 _a694
100 1 _aKay, N. W.
_967673
245 1 0 _aCarpintería de armar y de taller
_b: guía completa y práctica para todas las ramas de la profesión /
_cN.W. Kay.
260 _aBarcelona :
_bGustavo Gili,
_c1954 (
_fS.A.D.A.G.)
300 _a499 p. :
_bil. ;
_c25 cm.
650 0 7 _aCarpintería
_2embne
_910790
852 _aES-MaACL
_jD-9080
_bR.36395
999 _c86779
_d86779